[Event "2BLN 2324 SK Doppelbauer Turm Kiel II -"]
[Site "?"]
[Date "2023.12.02"]
[Round "3.1"]
[White "Glek, Igor"]
[Black "Olsen, Filip Boe"]
[Result "0-1"]
[WhiteElo "2429"]
[BlackElo "2423"]
[PlyCount "156"]
[EventDate "2023.??.??"]

1. e4 c5 2. Nf3 d6 3. Bb5+ Nd7 4. a4 Ngf6 5. Nc3 a6 6. Be2 g6 7. O-O Bg7 8. d4 cxd4 9. Nxd4 b6 10. Nc6 Qc7 11. Nb4 Bb7 12. Ncd5 Qd8 13. f3 O-O 14. c3 e6 15. Nxf6+ Nxf6 16. Be3 Qc7 17. c4 a5 18. Nd3 Nd7 19. Rc1 Nc5 20. Qc2 Bc6 21. b3 f5 22. exf5 gxf5 23. Rcd1 e5 24. Nxc5 dxc5 25. Rd2 Rae8 26. Rfd1 e4 27. f4 Re6 28. g3 Qe7 29. Kf2 Rh6 30. h4 Kh8 31. h5 Rg8 32. Rh1 Rd6 33. Rhd1 Rgd8 34. Rxd6 Rxd6 35. Rxd6 Qxd6 36. Bf1 Bd4 37. Qd2 Qf6 38. h6 Kg8 39. Be2 Be8 40. Kg2 Bc6 41. Kf2 Kf8 42. Kf1 Bxe3 43. Qxe3 Qxh6 44. Qc3 Qg7 45. Qxg7+ Kxg7 46. Kf2 Be8 47. Ke3 Kh6 48. g4 Bd7 49. g5+ Kg6 50. Kf2 h6 51. gxh6 Kxh6 52. Kg3 Be8 53. Kh4 e3 54. Bd1 Bc6 55. Kg3 Be4 56. Be2 Kg6 57. Bf1 Bc2 58. Kf3 Bxb3 59. Kxe3 Bxa4 60. Be2 Bd7 61. Kd2 Kf6 62. Kc3 Ke6 63. Kb3 Kd6 64. Bd3 Kc7 65. Ka3 Kb7 66. Kb3 Ka6 67. Ka3 a4 68. Kb2 Ka5 69. Ka3 Be6 70. Be2 b5 71. cxb5 c4 72. Bd1 Kxb5 73. Bxa4+ Kc5 74. Bc2 Kd4 75. Kb4 c3 76. Bb1 Bc4 77. Ka3 Bd3 78. Ba2 Ke3 0-1

[Event "2BLN 2324 SK Doppelbauer Turm Kiel II -"]
[Site "?"]
[Date "2023.12.02"]
[Round "3.2"]
[White "Pajeken, Jakob Leon"]
[Black "Szelag, Marcin"]
[Result "1/2-1/2"]
[WhiteElo "2428"]
[BlackElo "2397"]
[PlyCount "74"]
[EventDate "2023.??.??"]

1. e4 e6 2. d4 d5 3. Nc3 Nf6 4. e5 Nfd7 5. f4 c5 6. Nf3 Nc6 7. Be3 Be7 8. Qd2 O-O 9. dxc5 Nxc5 10. O-O-O Qa5 11. a3 Rd8 12. Nd4 Bd7 13. Kb1 b6 14. h4 Rac8 15. h5 h6 16. Be2 Nxd4 17. Bxd4 Na4 18. Nb5 Qxd2 19. Rxd2 a6 20. Nc3 Nxc3+ 21. Bxc3 Bxa3 22. Bxa6 Rc7 23. bxa3 Rxc3 24. Kb2 Rg3 25. Bd3 Ra8 26. Rf1 Ra4 27. Rdf2 g6 28. hxg6 fxg6 29. Rh1 Kg7 30. Rh3 Rxh3 31. gxh3 Be8 32. h4 h5 33. c3 Kf8 34. Bc2 Rc4 35. Bd3 Ra4 36. Bc2 Rc4 37. Bd3 Ra4 1/2-1/2

[Event "2BLN 2324 SK Doppelbauer Turm Kiel II -"]
[Site "?"]
[Date "2023.12.02"]
[Round "3.3"]
[White "Tomczak, Rafal"]
[Black "Barseghyan, Armen Ar."]
[Result "0-1"]
[WhiteElo "2320"]
[BlackElo "2337"]
[PlyCount "76"]
[EventDate "2023.??.??"]

1. e4 c5 2. Nf3 Nc6 3. d4 cxd4 4. Nxd4 g6 5. c4 Nf6 6. Nc3 d6 7. Be2 Nxd4 8. Qxd4 Bg7 9. Be3 O-O 10. Qd2 a5 11. O-O a4 12. Rac1 Be6 13. f3 Qa5 14. Nd5 Qxd2 15. Bxd2 Bxd5 16. exd5 Nd7 17. Bc3 Rfc8 18. Kf2 Bxc3 19. Rxc3 a3 20. b3 b5 21. Re3 Kf8 22. Re1 Nb6 23. Re4 Ra7 24. Bd3 bxc4 25. bxc4 Na4 26. Rc1 Rb8 27. Rc2 Rb2 28. Ree2 Rab7 29. Ke3 Rb1 30. Kd4 Ra1 31. c5 Nxc5 32. Bc4 Rb4 33. Kc3 Rab1 34. Red2 Na4+ 35. Kd4 Nb2 36. g3 e5+ 37. dxe6 fxe6 38. f4 d5 0-1

[Event "2BLN 2324 SK Doppelbauer Turm Kiel II -"]
[Site "?"]
[Date "2023.12.02"]
[Round "3.4"]
[White "Farokhi, Keyvan"]
[Black "Dauth, Benjamin"]
[Result "1/2-1/2"]
[WhiteElo "2298"]
[BlackElo "2200"]
[PlyCount "105"]
[EventDate "2023.??.??"]

1. e4 c6 2. Nf3 d5 3. d3 dxe4 4. dxe4 Qxd1+ 5. Kxd1 Nd7 6. Nfd2 e5 7. Nc4 f6 8. a4 Nb6 9. Be3 Nxc4 10. Bxc4 Bd6 11. a5 Ke7 12. Nd2 Be6 13. Ke2 Nh6 14. Bxh6 gxh6 15. Bxe6 Kxe6 16. Nf1 f5 17. exf5+ Kxf5 18. Ng3+ Ke6 19. Ra4 Rhg8 20. Rd1 Raf8 21. a6 b5 22. Rh4 Rg6 23. Rd3 Rf4 24. Rxf4 exf4 25. Ne4 Be5 26. Nc5+ Kf5 27. Rd7 Rg7 28. Rxg7 Bxg7 29. b3 Bd4 30. Nd3 c5 31. Kf3 c4 32. Nb4 Ke5 33. bxc4 bxc4 34. c3 Bb6 35. g3 fxg3 36. hxg3 h5 37. Nc2 Ba5 38. Ne3 Bxc3 39. Nxc4+ Kd5 40. Ne3+ Kc6 41. Ke2 Kb5 42. Nd5 Bh8 43. f4 Kxa6 44. f5 Kb5 45. f6 Kc6 46. f7 Bg7 47. Nf6 h6 48. Nxh5 Bf8 49. Nf4 a5 50. Ne6 Bd6 51. Kd3 Kd5 52. f8=Q Bxf8 53. Nxf8 1/2-1/2

[Event "2BLN 2324 SK Doppelbauer Turm Kiel II -"]
[Site "?"]
[Date "2023.12.02"]
[Round "3.5"]
[White "Neumeier, Lars"]
[Black "Ermitsch, Magnus"]
[Result "1-0"]
[WhiteElo "2314"]
[BlackElo "2273"]
[PlyCount "61"]
[EventDate "2023.??.??"]

1. d4 Nf6 2. Nf3 d5 3. c4 e6 4. e3 Bd6 5. Bd3 O-O 6. O-O b6 7. b3 c6 8. Bb2 Nbd7 9. Nbd2 Bb7 10. Ne5 c5 11. cxd5 exd5 12. f4 cxd4 13. exd4 Ne4 14. Nxe4 dxe4 15. Bc4 Nf6 16. Qe2 Qe7 17. a4 Rad8 18. a5 bxa5 19. Rxa5 Bb8 20. Rfa1 Qd6 21. Kh1 Nd7 22. Ba3 Qxd4 23. Bxf8 Bxe5 24. Be7 Re8 25. Rd1 Qb6 26. Rxd7 Qxa5 27. fxe5 Bc6 28. Qf1 Kh8 29. Bf6 Rg8 30. Rxf7 Bd5 31. Bxg7+ 1-0

[Event "2BLN 2324 SK Doppelbauer Turm Kiel II -"]
[Site "?"]
[Date "2023.12.02"]
[Round "3.6"]
[White "Haug, Havard"]
[Black "Mueller, Michael"]
[Result "1/2-1/2"]
[WhiteElo "2309"]
[BlackElo "2232"]
[PlyCount "103"]
[EventDate "2023.??.??"]

1. e4 e6 2. d4 d5 3. e5 c5 4. c3 Nc6 5. Nf3 Qb6 6. a3 c4 7. Be2 Bd7 8. O-O Na5 9. Nbd2 O-O-O 10. Rb1 Kb8 11. Re1 Ne7 12. Nf1 Nc8 13. Bf4 Qc7 14. N1d2 Nb6 15. Qc1 Ba4 16. Bd1 Qc6 17. h4 h6 18. g3 Be7 19. Kg2 Rc8 20. g4 Ka8 21. g5 h5 22. g6 fxg6 23. Bc2 Rcf8 24. Bg5 Bxg5 25. Nxg5 Bxc2 26. Qxc2 Qe8 27. Re3 Rf4 28. Rh1 Rhf8 29. Rf3 Nc6 30. Rhh3 Nd8 31. Rhg3 Nc8 32. Rxf4 Rxf4 33. Nh3 Rf5 34. Nf1 Ne7 35. Ne3 Rf8 36. Ng5 Nf5 37. Nxf5 Rxf5 38. Rf3 Nf7 39. Rxf5 gxf5 40. Qd2 a6 41. Nxf7 Qxf7 42. Qg5 Ka7 43. Kf3 f4 44. a4 a5 45. Qd8 Qf5 46. Qxa5+ Kb8 47. Qd8+ Ka7 48. Kg2 f3+ 49. Kh2 Qf4+ 50. Kh1 Qc1+ 51. Kh2 Qf4+ 52. Kh1 1/2-1/2

[Event "2BLN 2324 SK Doppelbauer Turm Kiel II -"]
[Site "?"]
[Date "2023.12.02"]
[Round "3.7"]
[White "Seils, Joerg"]
[Black "Boe, Mads"]
[Result "1/2-1/2"]
[WhiteElo "2310"]
[BlackElo "2277"]
[PlyCount "162"]
[EventDate "2023.??.??"]

1. e4 c6 2. Nc3 d5 3. Nf3 Bg4 4. h3 Bxf3 5. Qxf3 e6 6. Be2 dxe4 7. Nxe4 Nd7 8. d4 Ngf6 9. Nxf6+ Nxf6 10. c3 Be7 11. O-O O-O 12. Bf4 Qd5 13. Rfd1 Qxf3 14. Bxf3 Rfd8 15. c4 Rd7 16. Be3 Rad8 17. a3 Bd6 18. Rab1 Bc7 19. g4 h6 20. h4 Kf8 21. g5 hxg5 22. hxg5 Ng8 23. d5 cxd5 24. cxd5 b6 25. dxe6 Rxd1+ 26. Bxd1 fxe6 27. Bb3 Kf7 28. Re1 Re8 29. Bd2 Bd6 30. f4 g6 31. Kg2 Kf8 32. Bxe6 Ne7 33. Kf3 Nc6 34. Bc3 Bc5 35. Kg4 Bd4 36. Re4 Bxc3 37. bxc3 Rd8 38. a4 Rd3 39. Rc4 Rd6 40. Re4 Rd3 41. c4 Rd1 42. Bd5 Nd4 43. Re5 Nf5 44. Re6 Kg7 45. Rc6 Ne7 46. Kf3 Nxd5 47. cxd5 Rxd5 48. Rc7+ Kf8 49. Rxa7 Rd4 50. Ke3 Rb4 51. Ra6 Kf7 52. Kf3 Kg7 53. Ra7+ Kf8 54. a5 bxa5 55. Rxa5 Kf7 56. Ra7+ Kf8 57. Ra6 Kf7 58. Rf6+ Kg7 59. Rd6 Kf7 60. Ke3 Rb7 61. Ke4 Re7+ 62. Kd5 Ra7 63. Rf6+ Kg7 64. Rd6 Ra5+ 65. Ke4 Ra7 66. Ke5 Re7+ 67. Kd4 Rf7 68. Ke4 Re7+ 69. Kf3 Ra7 70. Re6 Ra3+ 71. Re3 Ra7 72. Re4 Ra3+ 73. Kg4 Ra7 74. f5 gxf5+ 75. Kxf5 Ra5+ 76. Kg4 Ra6 77. Kh5 Rb6 78. Re7+ Kg8 79. Rc7 Ra6 80. Re7 Rb6 81. g6 Rb1 1/2-1/2

[Event "2BLN 2324 SK Doppelbauer Turm Kiel II -"]
[Site "?"]
[Date "2023.12.02"]
[Round "3.8"]
[White "Junge, Ralph"]
[Black "Guth, Thomas"]
[Result "1/2-1/2"]
[WhiteElo "2251"]
[BlackElo "2227"]
[PlyCount "27"]
[EventDate "2023.??.??"]

1. e4 e6 2. d4 d5 3. exd5 exd5 4. Nf3 Bd6 5. c4 dxc4 6. Bxc4 Nf6 7. Qe2+ Qe7 8. Qxe7+ Bxe7 9. O-O O-O 10. Re1 Bd6 11. Nc3 a6 12. Bg5 Nbd7 13. Ne5 b5 14. Bb3 1/2-1/2

[Event "2BLN 2324 SG AE Magdeburg - Hamburger S"]
[Site "?"]
[Date "2023.12.02"]
[Round "3.1"]
[White "Lubbe, Nikolas"]
[Black "Biastoch, Bennet"]
[Result "1-0"]
[WhiteElo "2496"]
[BlackElo "2226"]
[PlyCount "87"]
[EventDate "2023.??.??"]

1. d4 Nf6 2. c4 e6 3. Nc3 Bb4 4. e3 O-O 5. Nge2 c6 6. a3 Ba5 7. b4 Bc7 8. e4 d5 9. e5 Nfd7 10. Nf4 a5 11. cxd5 exd5 12. Bd3 Re8 13. O-O axb4 14. Nce2 Nf8 15. Qb3 Nbd7 16. Qxb4 f6 17. exf6 Nxf6 18. Ng3 Bd6 19. Qb1 Qc7 20. Nfe2 Qf7 21. Qc2 Bd7 22. Rb1 b5 23. Rb3 Ra7 24. Bf5 Rea8 25. Rf3 Bxa3 26. Bg5 Bd6 27. Bxf6 Ra2 28. Qc1 gxf6 29. Bxd7 Nxd7 30. Qxc6 Bxg3 31. Rxg3+ Kh8 32. Qxb5 Ra1 33. Nc1 Qe6 34. Re3 Qd6 35. Qe2 Nf8 36. g3 Rb8 37. Nb3 Rxf1+ 38. Kxf1 Rb4 39. Kg2 Rb7 40. Nc5 Rb8 41. h4 Rb4 42. Re8 Rxd4 43. Ne6 Re4 44. Qxe4 1-0

[Event "2BLN 2324 SG AE Magdeburg - Hamburger S"]
[Site "?"]
[Date "2023.12.02"]
[Round "3.2"]
[White "Malek, Daniel"]
[Black "Colpe, Malte"]
[Result "0-1"]
[WhiteElo "2314"]
[BlackElo "2375"]
[PlyCount "94"]
[EventDate "2023.??.??"]

1. c4 Nf6 2. Nc3 g6 3. e4 d6 4. d4 Bg7 5. Be2 O-O 6. Be3 Nc6 7. d5 Ne5 8. Nf3 Nfg4 9. Bd2 Nxf3+ 10. Bxf3 Ne5 11. Be2 c6 12. O-O f5 13. exf5 gxf5 14. Kh1 f4 15. f3 Qb6 16. Qc1 Qd4 17. Rd1 Ng6 18. Be1 Qe5 19. Bd3 Qh5 20. dxc6 bxc6 21. Be4 Ne5 22. c5 Rf6 23. Bf2 Bb7 24. Qc2 d5 25. Nxd5 cxd5 26. Rxd5 Bc6 27. Rad1 Raf8 28. Rd8 Bxe4 29. Qxe4 Qf5 30. Qxf5 Rxf5 31. b4 a6 32. a4 Rxd8 33. Rxd8+ Rf8 34. Rd1 Rb8 35. Be1 Nc6 36. Rb1 Bd4 37. g3 fxg3 38. hxg3 Bxc5 39. b5 axb5 40. Rc1 Bb4 41. axb5 Rxb5 42. Bf2 Ne5 43. Kg2 Bd6 44. Bd4 Rd5 45. Be3 Rd3 46. Kf2 Rb3 47. Rc2 Nd3+ 0-1

[Event "2BLN 2324 SG AE Magdeburg - Hamburger S"]
[Site "?"]
[Date "2023.12.02"]
[Round "3.3"]
[White "Woelk, Tom-Frederic"]
[Black "Andre, Gordon"]
[Result "1-0"]
[WhiteElo "2377"]
[BlackElo "2324"]
[PlyCount "47"]
[EventDate "2023.??.??"]

1. e4 e5 2. Nf3 Nc6 3. Bb5 a6 4. Ba4 Nf6 5. O-O b5 6. Bb3 Bc5 7. c3 d6 8. a4 Rb8 9. d4 Bb6 10. h3 Bb7 11. Re1 O-O 12. Be3 exd4 13. cxd4 Ne7 14. axb5 axb5 15. d5 Bxe3 16. Rxe3 c6 17. dxc6 Bxc6 18. Qd3 Ra8 19. Rxa8 Qxa8 20. Qxd6 Bxe4 21. Qxe7 Bxb1 22. Ne5 Nd5 23. Bxd5 Qxd5 24. Nd7 1-0

[Event "2BLN 2324 SG AE Magdeburg - Hamburger S"]
[Site "?"]
[Date "2023.12.02"]
[Round "3.4"]
[White "Paul, Johannes"]
[Black "Van Delft, Merijn"]
[Result "1-0"]
[WhiteElo "2345"]
[BlackElo "2369"]
[PlyCount "69"]
[EventDate "2023.??.??"]

1. d4 Nf6 2. c4 g6 3. Nc3 Bg7 4. e4 d6 5. Be2 O-O 6. Be3 c5 7. e5 dxe5 8. dxe5 Nfd7 9. f4 f6 10. exf6 exf6 11. Qd2 Na6 12. Rd1 Qe8 13. Nf3 Nb6 14. Kf2 Be6 15. b3 Rf7 16. Nb5 Rd7 17. Qa5 Re7 18. Rhe1 Nd7 19. Nd6 Qb8 20. Qd2 Nb4 21. f5 Bf7 22. Bf4 Ne5 23. Nxf7 Rxf7 24. Kg1 gxf5 25. a3 Nbc6 26. Qd5 Ne7 27. Bxe5 fxe5 28. Qe6 Bf6 29. h4 h6 30. Rd7 Kg7 31. Bd3 e4 32. Bxe4 fxe4 33. Rxe4 Qf8 34. Ne5 Re8 35. Rg4+ 1-0

[Event "2BLN 2324 SG AE Magdeburg - Hamburger S"]
[Site "?"]
[Date "2023.12.02"]
[Round "3.5"]
[White "Balcerak, Philipp"]
[Black "Melamed, Tatjana"]
[Result "1/2-1/2"]
[WhiteElo "2346"]
[BlackElo "2341"]
[PlyCount "36"]
[EventDate "2023.??.??"]

1. c4 e5 2. g3 c6 3. Nf3 e4 4. Nd4 d5 5. cxd5 Qxd5 6. Nc2 Nf6 7. Nc3 Qe5 8. Bg2 Na6 9. Ne3 Be7 10. Qc2 Nc5 11. b3 a5 12. Bb2 Qe6 13. O-O O-O 14. Ba3 Re8 15. Rac1 Na4 16. Bxe7 Nxc3 17. Qxc3 Qxe7 18. Rfd1 Be6 1/2-1/2

[Event "2BLN 2324 SG AE Magdeburg - Hamburger S"]
[Site "?"]
[Date "2023.12.02"]
[Round "3.6"]
[White "Armbrust, Florian"]
[Black "Garner, Isaac"]
[Result "0-1"]
[WhiteElo "2258"]
[BlackElo "2297"]
[PlyCount "94"]
[EventDate "2023.??.??"]

1. e4 c5 2. b3 g6 3. Bb2 Nf6 4. Qf3 d6 5. Bb5+ Bd7 6. Bxf6 exf6 7. Bxd7+ Nxd7 8. Nc3 Ne5 9. Qg3 Bg7 10. Nge2 O-O 11. O-O Nc6 12. Rac1 Re8 13. d3 f5 14. exf5 Qa5 15. f6 Bxf6 16. Ne4 Be5 17. Qh4 Qd8 18. Ng5 h5 19. Ng3 d5 20. c3 f5 21. f4 Bf6 22. Nxh5 gxh5 23. Qxh5 Re7 24. Qg6+ Rg7 25. Qxf5 Bxg5 26. fxg5 Qxg5 27. Qe6+ Kh8 28. Rf2 Qe5 29. Qh6+ Kg8 30. Rcf1 Re8 31. Rf5 Qe2 32. Qh3 Ne5 33. Rh5 Ng6 34. Rg5 Rf8 35. Rgf5 Rxf5 36. Qxf5 Ne7 37. Qh3 Qg4 38. Qxg4 Rxg4 39. g3 Kg7 40. Kg2 Rg6 41. h3 Re6 42. g4 Ng6 43. Kg3 Re2 44. Rf2 Rxf2 45. Kxf2 Nf4 46. Ke3 Nxh3 47. c4 d4+ 0-1

[Event "2BLN 2324 SG AE Magdeburg - Hamburger S"]
[Site "?"]
[Date "2023.12.02"]
[Round "3.7"]
[White "Bracker, Frank"]
[Black "Woellermann, Jan"]
[Result "1/2-1/2"]
[WhiteElo "2307"]
[BlackElo "2358"]
[PlyCount "52"]
[EventDate "2023.??.??"]

1. Nf3 d5 2. g3 g6 3. Bg2 Bg7 4. d4 Nd7 5. O-O Ngf6 6. c4 dxc4 7. a4 a5 8. Nc3 O-O 9. e4 Nb6 10. h3 Nfd7 11. Bf4 c6 12. Bg5 Qe8 13. Qd2 e5 14. d5 Nc5 15. Qe3 Nbd7 16. Nd2 f6 17. Bh6 Bxh6 18. Qxh6 Nb3 19. Rad1 Nxd2 20. Qxd2 Qe7 21. dxc6 bxc6 22. Qd6 Qxd6 23. Rxd6 Rb8 24. Rxc6 Rxb2 25. Rc1 Nb6 26. Bf1 Bd7 1/2-1/2

[Event "2BLN 2324 SG AE Magdeburg - Hamburger S"]
[Site "?"]
[Date "2023.12.02"]
[Round "3.8"]
[White "Schoene, Maria"]
[Black "Lubbe, Melanie"]
[Result "1-0"]
[WhiteElo "2166"]
[BlackElo "2257"]
[PlyCount "99"]
[EventDate "2023.??.??"]

1. e4 c5 2. Nf3 d6 3. d4 cxd4 4. Nxd4 Nf6 5. Nc3 Nc6 6. Bg5 e6 7. Qd2 Be7 8. O-O-O O-O 9. f3 Nxd4 10. Qxd4 h6 11. Be3 Qa5 12. Kb1 Rd8 13. Qd2 Qc7 14. Nb5 Qb8 15. g4 e5 16. Bc4 Be6 17. Bd5 Bxd5 18. exd5 a6 19. Nc3 b5 20. h4 b4 21. Ne4 Nxe4 22. fxe4 Rd7 23. Qe2 Qd8 24. g5 g6 25. h5 Bxg5 26. Bxg5 hxg5 27. hxg6 fxg6 28. Qh2 Qf6 29. Qh3 Re7 30. Rdf1 Qg7 31. Rf2 Rae8 32. Rfh2 a5 33. b3 Qf6 34. Rf1 Qg7 35. Rf3 Rc7 36. Qg4 Rc3 37. Rxc3 bxc3 38. Qxg5 Rf8 39. a4 Rf1+ 40. Ka2 Qf6 41. Qh6 Kf7 42. Qh7+ Kf8 43. Qc7 Kg8 44. Qxa5 Qg5 45. Qa8+ Rf8 46. Qb7 Rf7 47. Qc8+ Rf8 48. Qh3 Kg7 49. Qd7+ Kg8 50. Qh7# 1-0

[Event "2BLN 2324 HSK Lister Turm II - FC St. P"]
[Site "?"]
[Date "2023.12.02"]
[Round "3.1"]
[White "Socko, Bartosz"]
[Black "von Mettenheim, Johannes"]
[Result "1-0"]
[WhiteElo "2550"]
[BlackElo "2292"]
[PlyCount "71"]
[EventDate "2023.??.??"]

1. d4 d5 2. c4 c6 3. Nf3 Nf6 4. e3 Bf5 5. Nc3 e6 6. Nh4 Be4 7. f3 Bg6 8. Qb3 Qc7 9. Bd2 Be7 10. O-O-O dxc4 11. Bxc4 b5 12. Be2 a6 13. Nxg6 hxg6 14. f4 c5 15. Bf3 Nc6 16. dxc5 Rc8 17. Kb1 Bxc5 18. Rc1 Qb6 19. Na4 bxa4 20. Qxb6 Bxb6 21. Bxc6+ Kf8 22. Bxa4 Rd8 23. Rhd1 Kg8 24. Rc6 Rb8 25. h3 Rh5 26. Bc1 Ra5 27. Bb3 Nd5 28. Bxd5 exd5 29. Rd6 d4 30. exd4 Bd8 31. d5 Ra4 32. Rc6 Rb7 33. Rc8 Rd7 34. Re1 Kf8 35. Be3 Ra5 36. Bc5+ 1-0

[Event "2BLN 2324 HSK Lister Turm II - FC St. P"]
[Site "?"]
[Date "2023.12.02"]
[Round "3.3"]
[White "Krause, Benedict"]
[Black "Voege, Tobias"]
[Result "1-0"]
[WhiteElo "2399"]
[BlackElo "2298"]
[PlyCount "155"]
[EventDate "2023.??.??"]

1. e4 e6 2. d4 d5 3. Nc3 Nf6 4. e5 Nfd7 5. f4 c5 6. Nf3 Nc6 7. Be3 cxd4 8. Nxd4 Qb6 9. Qd2 Qxb2 10. Rb1 Qa3 11. Bb5 Nxd4 12. Bxd4 a6 13. Bxd7+ Bxd7 14. Rb3 Qe7 15. Rxb7 Qh4+ 16. Bf2 Qd8 17. Bb6 Qc8 18. Rc7 Qd8 19. Rb7 Qc8 20. Rc7 Qd8 21. Qd4 Ba3 22. Nb1 Be7 23. c4 O-O 24. O-O Qe8 25. cxd5 exd5 26. Nc3 Bd8 27. Nxd5 Be6 28. Rc5 Qd7 29. Bxd8 Rfxd8 30. Rd1 Kh8 31. Nc7 Qe7 32. Qd6 Rxd6 33. exd6 Qd7 34. f5 Rd8 35. fxe6 fxe6 36. Re5 Qa4 37. Ree1 Qc6 38. Rxe6 h6 39. h3 Qc2 40. Rd5 Qc1+ 41. Kh2 Qf4+ 42. Kh1 Qf1+ 43. Kh2 Qf4+ 44. Kh1 Kh7 45. Rd1 Rd7 46. Ne8 Qa4 47. Rde1 Kg8 48. Re7 Rxe7 49. Rxe7 Kf8 50. Kh2 Qf4+ 51. Kh1 Qd2 52. Re6 a5 53. Nc7 a4 54. Re8+ Kf7 55. Re7+ Kg8 56. Nb5 Kf8 57. a3 Qd1+ 58. Kh2 Qd5 59. Re8+ Kf7 60. Rb8 Kf6 61. Kh1 h5 62. Rb6 Qc5 63. Rb8 Kg5 64. Rb7 Qd5 65. d7 Kh4 66. Nc3 Qd3 67. Rb4+ Kg5 68. Rb5+ Kh4 69. Rd5 Qf1+ 70. Kh2 Qf4+ 71. Kg1 Qe3+ 72. Kf1 g5 73. Rd1 Qf4+ 74. Kg1 Qe3+ 75. Kh1 Qe5 76. Rd3 Qb8 77. Rd4+ Kg3 78. d8=Q 1-0

[Event "2BLN 2324 HSK Lister Turm II - FC St. P"]
[Site "?"]
[Date "2023.12.02"]
[Round "3.4"]
[White "Polster, Christian"]
[Black "Socko, Monika"]
[Result "0-1"]
[WhiteElo "2257"]
[BlackElo "2396"]
[PlyCount "92"]
[EventDate "2023.??.??"]

1. e4 c6 2. d4 d5 3. e5 Bf5 4. Nf3 e6 5. Be2 Ne7 6. O-O Ng6 7. Be3 f6 8. Ne1 Ne7 9. Nd3 Bxd3 10. Qxd3 fxe5 11. dxe5 Nd7 12. Bf4 Qb6 13. Bg4 Ng6 14. Bh5 O-O-O 15. Bxg6 hxg6 16. Nd2 g5 17. Bxg5 Re8 18. Qg6 Bc5 19. Nf3 Qxb2 20. Bf4 Re7 21. Bg3 Bb6 22. a4 Nc5 23. Bh4 Rd7 24. a5 Bc7 25. Qg4 Qxc2 26. a6 Qe4 27. axb7+ Kb8 28. Qg5 Bd8 29. Qc1 Nb3 30. Qxc6 Rc7 31. Qa6 Nxa1 32. Rxa1 Rxb7 33. h3 Bxh4 34. Nxh4 Qxh4 35. Qxe6 Rd8 36. g3 Qe4 37. Rc1 d4 38. Qc4 Qxe5 39. f4 Qe3+ 40. Kh1 Qf3+ 41. Kh2 Qf2+ 42. Kh1 Qxg3 43. Qc5 Qf3+ 44. Kg1 Qe3+ 45. Kg2 Rb2+ 46. Kf1 Qf2# 0-1

[Event "2BLN 2324 HSK Lister Turm II - FC St. P"]
[Site "?"]
[Date "2023.12.02"]
[Round "3.5"]
[White "Krause, Jonah"]
[Black "Gentemann, Moritz"]
[Result "1-0"]
[WhiteElo "2364"]
[BlackElo "2253"]
[PlyCount "109"]
[EventDate "2023.??.??"]

1. d4 Nf6 2. c4 e6 3. Nf3 d5 4. Nc3 Be7 5. Bf4 O-O 6. e3 Nbd7 7. c5 c6 8. b4 Nh5 9. Bd3 Nxf4 10. exf4 b6 11. O-O Qc7 12. g3 a5 13. a3 Ba6 14. Bxa6 Rxa6 15. Qe2 Raa8 16. Na4 Bf6 17. Rfc1 b5 18. Nb2 axb4 19. axb4 Ra7 20. Nd3 Rfa8 21. Rxa7 Qxa7 22. Nde5 Bxe5 23. dxe5 Qa3 24. Rb1 Ra4 25. Qe3 Qa2 26. Qc1 Qa3 27. Qxa3 Rxa3 28. Nd4 Nb8 29. Kf1 Kf8 30. Ke2 Ke7 31. Kd2 Kd7 32. Nc2 Ra4 33. Kc3 Na6 34. Kb3 Nc7 35. g4 f6 36. h4 Ra8 37. Nd4 Ra4 38. Re1 Ra8 39. f3 Rf8 40. Ra1 Ra8 41. Rxa8 Nxa8 42. f5 Nc7 43. f4 fxe5 44. fxe5 h5 45. f6 gxf6 46. exf6 e5 47. gxh5 Ne6 48. Nf3 e4 49. Ne5+ Ke8 50. h6 Nf8 51. Kc3 Nh7 52. f7+ Ke7 53. Kd4 Ke6 54. Nxc6 Kf5 55. Ne7+ 1-0

[Event "2BLN 2324 HSK Lister Turm II - FC St. P"]
[Site "?"]
[Date "2023.12.02"]
[Round "3.8"]
[White "Hoerstmann, Rudi"]
[Black "Mueller, Fabian"]
[Result "1-0"]
[WhiteElo "2207"]
[BlackElo "2302"]
[PlyCount "73"]
[EventDate "2023.??.??"]

1. g3 f5 2. Nf3 Nf6 3. Bg2 d6 4. d4 g6 5. O-O Bg7 6. c4 O-O 7. Nc3 Qe8 8. d5 a5 9. Nd4 Na6 10. e4 fxe4 11. Nxe4 Nxe4 12. Bxe4 Nc5 13. Bg2 Bd7 14. Bg5 Qf7 15. Qd2 Rac8 16. Rae1 Rfe8 17. Re3 Be5 18. Rfe1 Qg7 19. Nf3 Bxb2 20. Bxe7 a4 21. h4 a3 22. Kh2 Ra8 23. Bh3 Bxh3 24. Kxh3 Qf7 25. Ng5 Qf5+ 26. Kg2 Qg4 27. f4 Qf5 28. h5 gxh5 29. Nf3 b5 30. Nh4 Qg4 31. cxb5 Ra4 32. b6 cxb6 33. Bxd6 Rxe3 34. Rxe3 Ne4 35. Qc2 Nxd6 36. Qxa4 Bf6 37. Qc6 1-0

[Event "2BLN 2324 SK Zehlendorf - SK Doppelbauer"]
[Site "?"]
[Date "2023.12.03"]
[Round "4.1"]
[White "Olsen, Filip Boe"]
[Black "Baskin, Robert"]
[Result "1/2-1/2"]
[WhiteElo "2423"]
[BlackElo "2472"]
[PlyCount "48"]
[EventDate "2023.??.??"]

1. d4 Nf6 2. c4 e6 3. Nf3 d5 4. g3 Be7 5. Bg2 O-O 6. O-O a5 7. Qc2 Nc6 8. a3 dxc4 9. Qxc4 a4 10. Nc3 Bd7 11. Bf4 Nh5 12. Ne5 Na5 13. Qd3 Nxf4 14. gxf4 Be8 15. Rad1 f6 16. Nc4 c6 17. Ne3 Bg6 18. f5 exf5 19. Nxf5 Kh8 20. Be4 Bxf5 21. Bxf5 g6 22. Bh3 Nb3 23. Nxa4 Rxa4 24. Qxb3 Rxd4 1/2-1/2

[Event "2BLN 2324 SK Zehlendorf - SK Doppelbauer"]
[Site "?"]
[Date "2023.12.03"]
[Round "4.2"]
[White "Lagunow, Raphael"]
[Black "Pajeken, Jakob Leon"]
[Result "1/2-1/2"]
[WhiteElo "2420"]
[BlackElo "2428"]
[PlyCount "119"]
[EventDate "2023.??.??"]

1. e4 e5 2. f4 exf4 3. Nf3 Nf6 4. e5 Nh5 5. d4 d5 6. c4 c6 7. Nc3 Be6 8. Be2 dxc4 9. O-O Be7 10. b3 cxb3 11. axb3 Nd7 12. d5 Bc5+ 13. Nd4 Bxd5 14. Nxd5 Nxe5 15. b4 f3 16. bxc5 fxe2 17. Nxe2 cxd5 18. Rf5 Qe7 19. Rxh5 Qxc5+ 20. Nd4 Nc4 21. Qe2+ Qe7 22. Rxd5 Qxe2 23. Nxe2 O-O 24. Rc5 Nb6 25. Rc7 Rfe8 26. Kf2 Rac8 27. Rxb7 Rc2 28. Be3 Nd5 29. Rb3 f5 30. Rc1 Ra2 31. Re1 a5 32. Bc1 Nb4 33. Kf1 Nc2 34. Rd1 a4 35. Rc3 Nb4 36. Rd2 Ra1 37. Ra3 Rxa3 38. Bxa3 Nc6 39. Rd6 Ne5 40. Rd4 Ng4 41. h3 Ne3+ 42. Kf2 Nxg2 43. Ng3 Ne3 44. Rxa4 g6 45. Bc5 Nd5 46. Kf3 Rb8 47. Ra3 h6 48. Ne2 Nf6 49. Bd4 Ne4 50. Nf4 g5 51. Nd5 Kf7 52. Ne3 g4+ 53. Kf4 gxh3 54. Nxf5 h2 55. Ra1 Ng5 56. Rh1 Ne6+ 57. Ke4 Nxd4 58. Nxd4 Rb2 59. Nf3 Ke6 60. Rxh2 1/2-1/2

[Event "2BLN 2324 SK Zehlendorf - SK Doppelbauer"]
[Site "?"]
[Date "2023.12.03"]
[Round "4.3"]
[White "Barseghyan, Armen Ar"]
[Black "Sawlin, Leonid"]
[Result "1-0"]
[WhiteElo "2337"]
[BlackElo "2414"]
[PlyCount "143"]
[EventDate "2023.??.??"]

1. Nf3 Nf6 2. c4 c5 3. g3 Nc6 4. Bg2 g6 5. O-O Bg7 6. Nc3 O-O 7. d4 cxd4 8. Nxd4 Nxd4 9. Qxd4 d6 10. b3 Bf5 11. Bb2 Ne4 12. Qe3 Nxc3 13. Bxc3 Bxc3 14. Qxc3 Qc7 15. h4 Rab8 16. Qe3 a5 17. Rac1 Rfc8 18. Rfd1 Be6 19. Bd5 Qd7 20. Bxe6 Qxe6 21. Qxe6 fxe6 22. Kf1 Rc5 23. Ke1 Rbc8 24. Kd2 Kg7 25. e4 Kf6 26. Rc3 b5 27. Rdc1 b4 28. Rf3+ Kg7 29. Rd3 a4 30. a3 axb3 31. axb4 b2 32. Rb1 Rxc4 33. Rxb2 Rxe4 34. b5 Rec4 35. b6 Rf8 36. f4 Rcc8 37. Rc3 Rb8 38. Rc7 Kf7 39. b7 Rfd8 40. Kd3 e5 41. fxe5 Ke6 42. Ke4 dxe5 43. Rc6+ Kf7 44. Rf2+ Kg7 45. Rc7 Rd4+ 46. Kxe5 Rb4 47. Rxe7+ Kh6 48. Rff7 Kh5 49. Rxh7+ Kg4 50. Rhg7 Kxg3 51. Rxg6+ Kf3 52. Rf6+ Kg4 53. Rg7+ Kh5 54. Rh7+ Kg4 55. Rff7 Rb1 56. Rfg7+ Kh3 57. Kd6 Rb6+ 58. Kc5 Rb1 59. Kc6 Rf8 60. Rg6 Rb8 61. Rg5 Rf8 62. Rc5 Kg4 63. Kc7 Kf4 64. h5 Ke4 65. h6 Kd4 66. Rc6 Kd5 67. Rb6 Rc1+ 68. Kd7 Rb8 69. Rg7 Rf1 70. Kc7 Rff8 71. h7 Kc5 72. Rh6 1-0

[Event "2BLN 2324 SK Zehlendorf - SK Doppelbauer"]
[Site "?"]
[Date "2023.12.03"]
[Round "4.4"]
[White "Brodowski, Piotr"]
[Black "Farokhi, Keyvan"]
[Result "1/2-1/2"]
[WhiteElo "2441"]
[BlackElo "2298"]
[PlyCount "35"]
[EventDate "2023.??.??"]

1. Nf3 Nf6 2. c4 e6 3. e3 d5 4. b3 c5 5. Bb2 Nc6 6. cxd5 exd5 7. Be2 Be7 8. O-O O-O 9. d4 Bg4 10. Nbd2 Ne4 11. Rc1 Bf6 12. Nxe4 dxe4 13. Nd2 Bxe2 14. Qxe2 cxd4 15. Nxe4 Be5 16. exd4 Nxd4 17. Bxd4 Bxd4 18. Rcd1 1/2-1/2